Middle East,1953. (Record no. 1049789)
[ view plain ]
| 000 -LEADER | |
|---|---|
| fixed length control field | 00570nam a2200229Ia 4500 |
| 003 - CONTROL NUMBER IDENTIFIER | |
| control field | OSt |
| 005 - DATE AND TIME OF LATEST TRANSACTION | |
| control field | 20221005124225.0 |
| 008 - FIXED-LENGTH DATA ELEMENTS--GENERAL INFORMATION | |
| fixed length control field | 221004b |||||||| |||| 00| 0 eng d |
| 037 ## - SOURCE OF ACQUISITION | |
| Terms of availability | Textual |
| 040 ## - CATALOGING SOURCE | |
| Original cataloging agency | CRL |
| Transcribing agency | CRL |
| Language of cataloging | eng |
| 041 ## - LANGUAGE CODE | |
| Source of code | eng |
| Language code of text/sound track or separate title | eng |
| 110 ## - MAIN ENTRY--CORPORATE NAME | |
| Corporate name or jurisdiction name as entry element | Middle.First word. |
| 9 (RLIN) | 634870 |
| 245 #0 - TITLE STATEMENT | |
| Title | Middle East,1953. |
| 260 ## - PUBLICATION, DISTRIBUTION, ETC. | |
| Date of publication, distribution, etc. | 1953 |
| 700 ## - ADDED ENTRY--PERSONAL NAME | |
| Personal name | Middle.First word. |
| 9 (RLIN) | 634871 |
| 942 ## - ADDED ENTRY ELEMENTS (KOHA) | |
| Classification part | 846:N49, J3 RR |
| Koha item type | Textual |
| Source of classification or shelving scheme | |
| Withdrawn status | Lost status | Damaged status | Not for loan | Home library | Current library | Date acquired | Total Checkouts | Full call number | Barcode | Date last seen | Price effective from | Koha item type |
|---|---|---|---|---|---|---|---|---|---|---|---|---|
| Central Library | Central Library | 2022-10-05 | 846:N49 J3 RR | CL0066700 | 2022-10-05 | 2022-10-05 | Textual |
